没有下辖“县”的地级行政区 - Statistics

General Stats
  • This quiz has been taken 97 times
  • The average score is 19 of 38
Answer Stats
Hint Answer % Correct
直筒子市 东莞市
92%
仅下辖区 南京市
88%
直筒子市 中山市
84%
直筒子市 嘉峪关市
80%
仅下辖区 广州市
77%
仅下辖区 深圳市
77%
仅下辖区 厦门市
74%
仅下辖区 珠海市
74%
下辖区、县级市 无锡市
74%
仅下辖区 武汉市
73%
下辖区、县级市 常州市
72%
下辖区、县级市 苏州市
72%
仅下辖区 佛山市
66%
下辖区、县级市 青岛市
66%
直筒子市 儋州市
65%
下辖区、县级市 镇江市
62%
仅下辖区 海口市
55%
仅下辖区 三亚市
55%
仅下辖区 乌海市
53%
仅下辖区 三沙市
53%
仅下辖旗 阿拉善盟
51%
下辖区、旗 鄂尔多斯市
51%
下辖区、县级市 烟台市
46%
下辖区、县级市、旗、自治旗 呼伦贝尔市
46%
仅下辖区 鄂州市
42%
仅下辖区 克拉玛依市
39%
下辖区、县级市 威海市
39%
下辖区、县级市、特区 六盘水市
39%
下辖区、县级市 泰州市
36%
下辖区、县级市 江门市
28%
下辖区、县级市 枣庄市
26%
下辖区、县级市 鹰潭市
24%
下辖区、县级市 营口市
12%
下辖区、自治县 普洱市
11%
下辖区、县级市 茂名市
9%
下辖区、自治县、县级市 丹东市
9%
下辖区、自治县 本溪市
8%
下辖区、自治县 海东市
8%
No matching quizzes found
Score Distribution
Percent of People with Each Score
Percentile by Number Answered
Your Score History
You have not taken this quiz